Представление документа в формате RUSMARC

ПолеНазваниеЗначение
  Тип записи a
  Библиографический уровень m
001 Контрольный номер RU/SLIB/B/213362101
005 Дата корректировки 20201206204427.9
010 Индекс ISBN __
a ISBN 5-09-005323-5
d Цена 30-00
101 Язык документа __
a Язык текста ost
200 Заглавие и сведения об ответственности 1_
a Заглавие Тесты по хантыйскому языку (ваховский диалект)
e Сведения, относящиеся к заглавию учеб.-метод. пособие для учителей нач. кл.
f Первые сведения об ответственности М. А. Прасина
b Общее обозначение материала Текст
210 Выходные данные __
a Место издания СПб.
c Издательство Просвещение
d Дата издания 2003
215 Физическое описание __
a Объем 47 с.
330 Аннотация __
a Аннотация Диагностика знаний и умений учащихся начальных классов по фонетике и грамматике хантыйского языка с учетом действующей программы.
606 Тематические рубрики __
a Основная рубрика Образование. Педагогика
606 Тематические рубрики __
a Основная рубрика Методика преподавания учебных предметов
610 Ключевые слова __
a Ключевые слова хантыйский язык; преподавание хантыйского языка; краеведение; ваховский диалект; тесты; диалекты
686 Индексы других классификаций __
a Классификационный индекс К74.268.19=665.1
700 Автор _1
a Фамилия Прасина
b Имя М. А.
4 Код отношения 070
801 Источник записи _0
a Страна RU
b Организация Муниципальное бюджетное учреждение культуры "Централизованная библиотечная система" г. Сургут (Центральная городская библиотека им. А. С. Пушкина)
g Правила каталогизации КиК/Елгина
801 Источник записи _1
a Страна RU
b Организация Муниципальное бюджетное учреждение культуры "Централизованная библиотечная система" г. Сургут (Центральная городская библиотека им. А. С. Пушкина)
g Правила каталогизации КиК/Елгина
852 Данные о местонахождении __
j Шифр хранения К74.268.19=665.1
c Каталожный индекс К74.268.1Хат
i Авторский знак П 70
901 Тип документа __
t Тип документа m
903 Характеристики (МАРС) __
a Дата передачи 20061016
990 Данные о заказе (DOS) __
j Количество экземпляров (DOS) 1
h N записи в КСУ для Б/У (DOS) 200611